000 00356nam a2200157Ia 4500
003 OSt
005 20240221114052.0
008 170524s9999 xx 000 0 und d
020 _a978-9351427964
040 _cIIMT UNIVERSITY
100 _aPERIASAMY P
100 _c2012
245 0 _aWORKING CAPITAL MANAGEMENT
260 _aHIMALAYA
942 _2ddc
_c01
999 _c2949
_d2949